Un'avventura galante del conte di Cavour

Tallennettuna:
Bibliografiset tiedot
Päätekijä: Tripeleff F.
Aineistotyyppi: Kirja
Kieli:määrittelemätön
Julkaistu: Viterbo Stampa Alternativa 1992
Tagit: Lisää tagi
Ei tageja, Lisää ensimmäinen tagi!

MARC

LEADER 00000nam a2200000Ia 4500
001 244
003 NUMERAZIONE-ORIGINALE-BRESCIA
005 20260206230750.0
008 260206s9999 xx 000 0 und d
100 |a Tripeleff F. 
245 0 |a Un'avventura galante del conte di Cavour 
260 |a Viterbo 
260 |b Stampa Alternativa 
260 |c 1992 
500 |a Mille lire in corso 
942 |2 ddc  |c BK  |n 0 
952 |0 0  |1 0  |2 ddc  |4 0  |6 16RAC1  |7 0  |9 28444  |a BS  |b BS  |d 2026-02-06  |i 244  |l 0  |o 1-6-Rac-1  |r 2026-02-06 22:40:35  |w 2026-02-06  |x [REVISIONARE]  |y BK 
999 |c 24125  |d 24125